The Kangaroos' great escape / (Record no. 9976)

MARC details
000 -LEADER
fixed length control field 01562cam a2200421 a 4500
001 - CONTROL NUMBER
control field 9976
003 - CONTROL NUMBER IDENTIFIER
control field FISKH
005 - DATE AND TIME OF LATEST TRANSACTION
control field 20260323103927.0
008 - FIXED-LENGTH DATA ELEMENTS--GENERAL INFORMATION
fixed length control field 050217r20062002wiua b 000 1 eng
010 ## - LIBRARY OF CONGRESS CONTROL NUMBER
LC control number 2005042874
020 ## - INTERNATIONAL STANDARD BOOK NUMBER
International Standard Book Number 0836859715
Qualifying information lib. bdg.
020 ## - INTERNATIONAL STANDARD BOOK NUMBER
International Standard Book Number 9780836859713
Qualifying information (lib. bdg.)
020 ## - INTERNATIONAL STANDARD BOOK NUMBER
International Standard Book Number 9781740211918
035 ## - SYSTEM CONTROL NUMBER
System control number 13875622
040 ## - CATALOGING SOURCE
Original cataloging agency DLC
Transcribing agency DLC
Modifying agency DLC
Language of cataloging eng
050 00 - LIBRARY OF CONGRESS CALL NUMBER
Classification number PZ10.3.J683
Item number Ka 2006
100 1# - MAIN ENTRY--PERSONAL NAME
Personal name Johnson, Rebecca,
Dates associated with a name 1966-
245 14 - TITLE STATEMENT
Title The Kangaroos' great escape /
Statement of responsibility, etc. story by Rebecca Johnson ; photos by Steve Parish.
250 ## - EDITION STATEMENT
Edition statement This edition published in 2004
260 ## - PUBLICATION, DISTRIBUTION, ETC.
Place of publication, distribution, etc. Queensland :
Name of publisher, distributor, etc. Steve Parish,
Date of publication, distribution, etc. 2002
300 ## - PHYSICAL DESCRIPTION
Extent 24 pages :
Other physical details color illustrations ;
Dimensions 21 cm
490 1# - SERIES STATEMENT
Series statement Animal storybooks
500 ## - GENERAL NOTE
General note Originally published in Australia in 2002 under title: Kangaroos' lucky escape.
505 ## - FORMATTED CONTENTS NOTE
Formatted contents note N<br/>
520 ## - SUMMARY, ETC.
Summary, etc. As a group of kangaroos, exhausted from trying to escape a fire, meets a dead end, a wallaby comes to the rescue.
521 8# - TARGET AUDIENCE NOTE
Target audience note 550<br/>
Source Lexile AD<br/>
521 8# - TARGET AUDIENCE NOTE
Target audience note N<br/>
Source Raz-Plus<br/>
650 #0 - SUBJECT ADDED ENTRY--TOPICAL TERM
Topical term or geographic name entry element Kangaroos
Form subdivision Juvenile fiction.
650 #1 - SUBJECT ADDED ENTRY--TOPICAL TERM
Topical term or geographic name entry element Kangaroos
Form subdivision Fiction.
650 #1 - SUBJECT ADDED ENTRY--TOPICAL TERM
Topical term or geographic name entry element Wallabies
Form subdivision Fiction.
655 #7 - INDEX TERM--GENRE/FORM
Genre/form data or focus term Fiction.
Source of term lcgft
Authority record control number or standard number https://id.loc.gov/authorities/genreForms/gf2014026339
655 #7 - INDEX TERM--GENRE/FORM
Genre/form data or focus term Fiction.
Source of term lcgft
Authority record control number or standard number https://id.loc.gov/authorities/genreForms/gf2014026339
700 1# - ADDED ENTRY--PERSONAL NAME
Personal name Parish, Steve,
Dates associated with a name 1945-
Relator term illustrator
800 1# - SERIES ADDED ENTRY--PERSONAL NAME
Personal name Johnson, Rebecca,
Dates associated with a name 1966-
Title of a work Animal storybooks.
906 ## - LOCAL DATA ELEMENT F, LDF (RLIN)
a 7
b cbc
c orignew
d 1
e ocip
f 20
g y-gencatlg
942 ## - ADDED ENTRY ELEMENTS (KOHA)
Source of classification or shelving scheme Dewey Decimal Classification
Koha item type Books
Suppress in OPAC No
Holdings
Withdrawn status Lost status Source of classification or shelving scheme Damaged status Not for loan Collection Home library Current library Shelving location Date acquired Total Checkouts Full call number Barcode Date last seen Copy number Price effective from Koha item type
    Dewey Decimal Classification     Non-Fiction Footprints International School Library Network Toul Tom Poung Campus Footprints International School Library Network Toul Tom Poung Campus TTP Primary Yellow Bookshelves 03/23/2026   JOH 543 2026-0357 03/23/2026 1 03/23/2026 Books